Từ điển Việt - Hoa - Pháp
Đã lưu trong:
| Príomhúdar: | |
|---|---|
| Formáid: | Leabhar |
| Teanga: | Undetermined |
| Foilsithe: |
Sài Gòn
Khai Trí
1971
|
| Ábhair: | |
| Clibeanna: |
Cuir Clib Leis
Gan Chlibeanna, Bí ar an gcéad duine leis an taifead seo a chlibeáil!
|
| Thư viện lưu trữ: | Trung tâm Học liệu Trường Đại học Cần Thơ |
|---|
| LEADER | 00557nam a2200181Ia 4500 | ||
|---|---|---|---|
| 001 | CTU_26103 | ||
| 008 | 210402s9999 xx 000 0 und d | ||
| 082 | |a 443 | ||
| 082 | |b H507 | ||
| 100 | |a Gustave Hue | ||
| 245 | 0 | |a Từ điển Việt - Hoa - Pháp | |
| 245 | 0 | |c Gustave Hue | |
| 260 | |a Sài Gòn | ||
| 260 | |b Khai Trí | ||
| 260 | |c 1971 | ||
| 650 | |a chinese language - dictionaries,french language - dictionaries,vietnamese language - dictionaries | ||
| 904 | |i Minh, 981008 | ||
| 980 | |a Trung tâm Học liệu Trường Đại học Cần Thơ | ||